山手線の駅の略号 - Statistics

General Stats
  • This quiz has been taken 133 times
  • The average score is 20 of 30
Answer Stats
JY 駅名 電報略号 % Correct
01 東京 トウ
96%
03 秋葉原 アキ
88%
05 上野 ウエ
87%
04 御徒町 オチ
78%
13 池袋 イケ
76%
18 代々木 ヨヨ
76%
25 品川 シナ
75%
29 新橋 シン
74%
12 大塚 オツ
73%
11 巣鴨 スモ
71%
24 大崎 オサ
71%
08 西日暮里 ニリ
70%
17 新宿 シク
70%
10 駒込 コメ
69%
02 神田 カタ
67%
14 目白 メシ
66%
16 新大久保 シオ
66%
22 目黒 メク
64%
06 鶯谷 ウス
63%
20 渋谷 シフ
63%
21 恵比寿 エヒ
63%
09 田端 ハタ
61%
23 五反田 タン
61%
15 高田馬場 ハハ
60%
07 日暮里 ニツ
59%
26 高輪ゲートウェイ タケ
58%
30 有楽町 ラク
50%
19 原宿 ラシ
48%
27 田町 チタ
31%
28 浜松町 ハテ
12%
No matching quizzes found
Score Distribution
Percent of People with Each Score
Percentile by Number Answered
Your Score History
You have not taken this quiz